Những trường học ở Tiền Giang mang tên danh nhân, địa danh và sự kiện lịch sử

Guardat en:
Dades bibliogràfiques
Autor principal: Phạm, Văn Khanh
Altres autors: Phan, Đức Phong
Format: Llibre
Idioma:English
Publicat: Tiền Giang 2015
Matèries:
Etiquetes: Afegir etiqueta
Sense etiquetes, Sigues el primer a etiquetar aquest registre!
Thư viện lưu trữ: Trung tâm Học liệu Lê Vũ Hùng, Trường Đại học Đồng Tháp
LEADER 00970pam a22002898a 4500
001 00045409
008 170505s1996 ||||||engsd
005 20200311160303.0
020 # # |c 0 
041 0 # |a Vie 
082 0 4 |a 370.959 783  |b NH556TR 
100 # # |a Phạm, Văn Khanh 
245 1 0 |c Phạm Văn Khanh, Phan Đức Phong  |a Những trường học ở Tiền Giang mang tên danh nhân, địa danh và sự kiện lịch sử 
260 # # |a Tiền Giang  |c 2015 
300 # # |a 392 tr.  |c 24 cm 
500 # # |a ĐTTS ghi: Sở Giáo dục và Đào tạo Tiền Giang 
653 # # |a Danh nhân 
653 # # |a Địa danh 
653 # # |a Việt Nam 
653 # # |a Giáo dục 
653 # # |a Lịch sử 
653 # # |a Tiền Giang 
653 # # |a Trường học 
700 # # |a Phan, Đức Phong 
852 # # |j KD.0027139 
910 # # |d 11/3/2020 
980 # # |a Trung tâm Học liệu Lê Vũ Hùng, Trường Đại học Đồng Tháp